The epistle to the Ephesians: (Record no. 2086)

000 -LEADER
fixed length control field 00518nam a2200169 a 4500
001 - CONTROL NUMBER
control field :::00019068$&:&@@
003 - CONTROL NUMBER IDENTIFIER
control field OkBaRHE
005 - DATE AND TIME OF LATEST TRANSACTION
control field 20100327145136.0
008 - FIXED-LENGTH DATA ELEMENTS--GENERAL INFORMATION
fixed length control field j 000 0 eng u
040 ## - CATALOGING SOURCE
Transcribing agency
100 1# - MAIN ENTRY--PERSONAL NAME
Personal name Dale, R. W. (1829-1895)
245 14 - TITLE STATEMENT
Title The epistle to the Ephesians:
Remainder of title its doctrine and ethics.
260 ## - PUBLICATION, DISTRIBUTION, ETC. (IMPRINT)
Place of publication, distribution, etc London
Name of publisher, distributor, etc Hodder and Stoughton
300 ## - PHYSICAL DESCRIPTION
Extent 446 p.
942 ## - ADDED ENTRY ELEMENTS (KOHA)
Source of classification or shelving scheme
Koha item type Books
Copies
Withdrawn status Shelving location Full call number Permanent Location Lost status Collection code Source of classification or shelving scheme Price effective from Koha item type Damaged status Copy number Date acquired Barcode Date last seen Not for loan
 General StacksBS 2695 .D33RHEMA Bible Training College Reference 2010-04-14Books 12010-04-14190682018-04-03